| 000 | 00519nam a2200193Ia 4500 | ||
|---|---|---|---|
| 005 | 20250326141132.0 | ||
| 008 | 250326s9999 xx 000 0 und d | ||
| 037 | _aTextbook | ||
| 040 |
_aFMSL _beng _cFMSL |
||
| 041 |
_aeng _2eng |
||
| 084 | _qFMSL | ||
| 100 |
_aPrasad S B, Ed. _9743789 |
||
| 245 | 0 |
_aAdvances in international comparative management, 1995 _cPrasad S B, Ed. |
|
| 260 |
_aEngland _bEngland, Jai Press _c1995 |
||
| 300 | _a263p | ||
| 490 | _vv.10 | ||
| 942 | _cTB | ||
| 999 |
_c1288861 _d1288861 |
||